000 00404cam a2200157ua 4500
041 _aeng
_h
082 _a823.801
_bAMB/ST
100 _aAmbler, Clefford .
245 0 0 _aStories from the left of King Alfred /
_cClefford Ambler.
_hTextual Documents
250 _a1 /
_b.
260 _aLondon :
_bE J Arnold & Son Ltd ,
_c1962.
300 _a95 ; .
504 _a
942 _cBK
999 _c2472
_d2472